Famous Sisters Quiz Stats

 Plays Quiz Updated Jun 10, 2015

Challenge
Share
Tweet
Embed
Score 0/31 Timer 05:00
7 Plays Today
% Correct
Kim
97.1%
Serena
96.4%
Khloé
96.2%
Kourtney
95.8%
Mary-Kate
95.7%
Venus
95.5%
Ashley
95.2%
Britney
94%
Hilary
88.8%
Emily
85%
Jamie Lynn
84%
Charlotte
82.9%
Haylie
77.2%
Jenna
73.6%
Anne
69.8%
Barbara
69.5%
% Correct
Tamera
69.4%
Bélgica
69.1%
Tia
68.6%
Elizabeth
67.2%
Antonia
62.7%
Olivia
59.8%
Patria
59.5%
Maria
55.6%
Nancy
49.9%
Joan
48.9%
Anita
48.8%
Ruth
47.8%
June
47.4%
Bonnie
47.3%
Ann
46.7%

You're not logged in!

Compare scores with friends on all Sporcle quizzes.
Join for Free
OR
Log In

You Might Also Like...

Show Comments

Extras

Top Quizzes Today


Score Distribution

Your Account Isn't Verified!

In order to create a playlist on Sporcle, you need to verify the email address you used during registration. Go to your Sporcle Settings to finish the process.

Report this User

Report this user for behavior that violates our Community Guidelines.

Details: